All Ne-Yo songs - Statistics

General Stats
  • This quiz has been taken 7 times
  • The average score is 15 of 205
Answer Stats
Albums Answer % Correct
So Sick
100%
Because of You Because Of You
75%
Give Me Everything
75%
Miss Independent
75%
Go On Girl
50%
Knock You Down
50%
Let Me Love You (Until You Learn To Love Yourself)
50%
Make Me Better
50%
Sexy Love
50%
2 Million Secrets
25%
Addicted
25%
Angel
25%
Carry On (Her Letter To Him)
25%
Year of the Gentleman Closer
25%
Crazy
25%
Don't Make Em Like You
25%
Do You
25%
Fade Into The Background
25%
GOOD MAN
25%
I Ain't Gotta Tell You
25%
Jealous
25%
LA NIGHTS
25%
Let Go
25%
Let's Go
25%
Lie To Me
25%
Love Songs
25%
Mad
25%
Make It Work
25%
Mirror
25%
Non-Fiction Non-Fiction
25%
One in A Million
25%
Part Of The List
25%
Sex With My Ex
25%
She Got Her Own
25%
She Knows
25%
Single
25%
So You Can Cry
25%
In My Own Words (Deluxe) Stay
25%
Stay Down
25%
Stay (Remix)
25%
Step Up Main Theme
25%
Stop This World
25%
Time
25%
Want It All Or Nothing
25%
When You're Mad
25%
Why
25%
Why Does She Stay
25%
1 MORE SHOT
0%
2 The Moon
0%
After Party
0%
Again
0%
Ain't Nothin New
0%
Ain't Thinking About You
0%
Alone With You (Maddie's Song)
0%
Amazing You
0%
APOLOGY
0%
Baby By Me
0%
BACK CHAPTERS
0%
Back Like That
0%
Back To What You Know
0%
Beautiful Monster
0%
Be on You
0%
Be The One
0%
Betta Luv Me Right
0%
Big
0%
BREATHE
0%
Bust It Baby, Pt. 2
0%
Call Me Up
0%
Can We Chill
0%
Good Man "Caterpillars 1st" (INTRO)
0%
Cause I said So
0%
Libra Scale Champagne Life
0%
Choose
0%
Christmas Vibez
0%
Come Get U
0%
Coming With You
0%
Congratulations
0%
Could Be Me
0%
R.E.D. Cracks In Mr. Perfect
0%
Crazy Love
0%
Don't Love Me
0%
Do What You Do
0%
EU E TU
0%
Everybody Loves/ The Def Of You (Interlude)
0%
Everything
0%
SIngles/ Featurettes/ Step Up Songs Feels
0%
Feels So Good
0%
Finer Things
0%
Forever Now
0%
Fresh Out
0%
Friend Like Me (From "Aladdin")
0%
Genuine Only
0%
Get Down Like That
0%
Get Down Like That (Remix)
0%
Girlfriend
0%
Good Morning/ Gon' Ride (interlude)
0%
Good Night Good Morning
0%
Handle Me Gently
0%
Hate That I Love You
0%
Heavenly Hell
0%
Higher Place (Radio Edit)
0%
Holiday In Jamaica
0%
HOTBOX
0%
I Know U Want ME (Remix)
0%
I'll Start With Me
0%
Incredible
0%
Integrity
0%
Is U Down
0%
It Just Ain't Right
0%
It's For Everybody
0%
I Want To Come Home For Christmas
0%
Just Ain't Christmas
0%
Just Kiss Me
0%
Know Your Name
0%
Self Explanatory Layin' Low
0%
Lazy Love
0%
Leave You Alone
0%
Leaving Tonight
0%
Legendary
0%
Let Me Get This Right
0%
Let You What... (Interlude)
0%
Link Up
0%
B.O.S.S Building of a Supa Star(The Ne-Yo Story) Looking For
0%
Love & Romance II
0%
Magic Mix, Pt. 2
0%
Make It Easy
0%
Makin' a Movie
0%
Makin Love
0%
Maybach Music IV
0%
Merry Christmas Baby
0%
Miss Right
0%
Money Can't Buy
0%
My Other Gun
0%
Need You To Know
0%
Never Knew I Needed
0%
NIGHTS LIKE THESE
0%
Nobody
0%
No Loot
0%
No More
0%
No Secrets
0%
NOT THE SAME
0%
Not Ur Average (Joe)
0%
OCEAN SURE
0%
One More
0%
ON UR MIND
0%
Open Mine Tonight
0%
OVER U
0%
Play Hard
0%
POUR ME UP
0%
Proud Of You
0%
PUSH BACK
0%
Push Up
0%
Real Man
0%
Reason To Hate
0%
Religious/ Ratchet Wit Yo Friends (Interlude)
0%
Remember
0%
RESET THE NIGHT
0%
Respect That You Earn
0%
Rise Up
0%
Run/ An Island (interlude)
0%
Sage
0%
Sage and Collette Wedding
0%
Say It
0%
She Is
0%
She Said I'm Hood Tho
0%
Should Be You
0%
Show Me
0%
Shut Me Down
0%
Sign Me Up
0%
Story Time
0%
Stress Reliever
0%
SUMMERTIME
0%
Super High
0%
Sweet Gurl
0%
Take You There
0%
Talk About It
0%
Telekinesis
0%
Tell Me A Secret
0%
The Christmas Song
0%
The End (Nu MIx)
0%
The Gift
0%
"The Struggle..." (Interlude)
0%
The Way You Move
0%
Think Like A Man
0%
Another Kind Of Christmas This Christmas
0%
Time Of Our Lives
0%
Tonight
0%
Turn All the Lights On
0%
U 2 Luv
0%
U Are The One
0%
U DESERVE
0%
Unconditional
0%
Walk Through Fire
0%
We Go Where Ever We Want
0%
We Rising
0%
What Happens Now
0%
What Have I Done?
0%
What If
0%
White Linen (Coolin)
0%
Who's Taking You Home
0%
WITHOUT U
0%
WON'T BE OFTEN
0%
Won't Keep Me Down
0%
You Girl
0%
You Got The Body
0%
No matching quizzes found
Score Distribution
Percent of People with Each Score
Percentile by Number Answered
Your Score History
You have not taken this quiz